Die fragmente der Vorsokratiker

Uloženo v:
Podrobná bibliografie
Hlavní autor: Diels, Hermann (Autor)
Médium: Kniha
Jazyk:němčina
Vydáno: Berlín Rowohlt 1963
Témata:
Tagy: Přidat tag
Žádné tagy, Buďte první, kdo vytvoří štítek k tomuto záznamu!

MARC

LEADER 00000nam a2200000 a 4500
001 UCY5189
003 CL-VaPUC
008 950417e19630000GW |||||||||||||||||ger|d
082 0 4 |a 182  |b DIE  |2 21 
100 0 |a Diels, Hermann  |e author  |9 333843 
245 1 4 |a Die fragmente der Vorsokratiker 
300 |a 148 p 
942 |c BK 
945 |d 19950417 00:00:00  |a awong 
260 |a Berlín  |b Rowohlt  |c 1963 
650 0 |a Filosofía antigua   |9 255705 
583 |a last modification  |c 20181001 02:08:39  |k Rodrigo Vera 
999 |c 232896  |d 232894 
952 |0 0  |1 0  |4 0  |6 182_000000000000000_DIE_1963  |7 0  |8 P  |9 237868  |a BIBEDU  |b BIBEDU  |c BIBEDU_PB  |d 2019-11-18  |i 307630K  |o 182 DIE 1963  |p 307630K  |r 2024-01-25  |w 2019-11-18  |y BK  |k FIL